| 000 | 18178nas1a22011651i 4500 | ||
|---|---|---|---|
| 001 | RU\NLR\INFOCOMM22\5000002506 | ||
| 005 | 20260407075358.0 | ||
| 011 | _a0203-1000 | ||
| 035 | _a(NLR Aleph) 002336965 | ||
| 090 |
_a4470977 _c4470977 |
||
| 100 | _a20050215c1971 |||y0rusy50 ca | ||
| 101 | 0 | _arus | |
| 102 | _aRU | ||
| 110 | _aayuzz 0|y| | ||
| 200 | 1 |
_aРыбное хозяйство _iСерия "Промысловая радиоэлектронная аппаратура и подводная техника" _eОбзор. информ. _fЦНИИ информ. и техн.-экон. исслед. рыб. хоз-ва |
|
| 210 |
_aМ. _d1971- |
||
| 300 | _aВ надзаг. также: М-во рыб. хоз-ва СССР | ||
| 300 | _aВ 1978-1986 гг. параллельно основному изд. выходит изд. "Для служебного пользования" (гриф снят; номера выпусков содержат [1]) | ||
| 430 | 0 |
_12001#$aОбзорная информация$hСерия 10$iПромысловая радиоэлектроника _tОбзорная информация |
|
| 430 | 0 |
_12001#$aОбзорная информация$hСерия 6$iРадиоэлектронная аппаратура и ее эксплуатация _tОбзорная информация |
|
| 430 | 0 |
_12001#$aОбзорная информация$iПромысловая радиоэлектронная аппаратура и ее эксплуатация _tОбзорная информация |
|
| 430 | 0 |
_12001#$aОбзорная информация$hСерия 6$iПромысловая радиоэлектронная аппаратура и ее эксплуатация _tОбзорная информация |
|
| 430 | 0 |
_12001#$aОбзорная информация$iСерия Промысловая радиоэлектронная аппаратура и ее эксплуатация _tОбзорная информация |
|
| 430 | 0 |
_12001#$aОбзорная информация$iСерия Промысловая радиоэлектронная аппаратура и подводная техника _tОбзорная информация |
|
| 440 | 0 |
_12001#$aРыбное хозяйство$iСерия "Промысловая радиоэлектронная аппаратура" _tРыбное хозяйство |
|
| 712 | 0 | 2 |
_4570 _aВсесоюзный научно-исследовательский и проектно-конструкторский институт экономики, информации и автоматизированных систем управления рыбным хозяйством _3RU\NLR\AUTH\884223 _9279850 |
| 712 | 0 | 2 |
_4570 _aВсероссийский научно-исследовательский и проектно-конструкторский институт экономики, информации и автоматизированных систем управления рыбного хозяйства _3RU\NLR\AUTH\884224 _9279852 |
| 801 | 1 |
_aRU _bInfoComm _c20050215 |
|
| 801 | 0 |
_aRU _bNLR _gPSBO |
|
| 852 |
_aNLR _jП13/1265 |
||
| 942 | _cJOURNAL | ||
| 980 | _aRUSPER | ||